In Between The Sea And The Land : Reimagining The Coastal Edge Of Surat City (Record no. 364625)

MARC details
000 -LEADER
fixed length control field 00405nam a2200121Ia 4500
008 - FIXED-LENGTH DATA ELEMENTS--GENERAL INFORMATION
fixed length control field 250110s9999 xx 000 0 und d
041 ## - LANGUAGE CODE
Language code of text/sound track or separate title eng
100 ## - MAIN ENTRY--PERSONAL NAME
Personal name Supariwala Rushika
9 (RLIN) 184206
245 ## - TITLE STATEMENT
Title In Between The Sea And The Land : Reimagining The Coastal Edge Of Surat City
260 ## - PUBLICATION, DISTRIBUTION, ETC. (IMPRINT)
Name of publisher, distributor, etc. BNCA M Arch Landscape Architecture, Pune
Date of publication, distribution, etc. 2021
300 ## - PHYSICAL DESCRIPTION
Extent 48p
700 ## - ADDED ENTRY--PERSONAL NAME
Personal name Guide Name:Sahasrtabuddhe Swati
9 (RLIN) 210977
Holdings
Withdrawn status Lost status Damaged status Not for loan Home library Current library Date acquired Total Checkouts Barcode Date last seen Bill Date Koha item type Original Barcode
        Dr. Bhanuben Nanavati College of Architecture Dr. Bhanuben Nanavati College of Architecture 08/09/2022   BNCA-PR-2125 10/01/2025 10/01/2025 Project Reports PR2125